01017nam a2200265Ia 4500001001100000003000500011008004100016010001100057040000900068090002200077100003500099245020700134260003400341300002200375700003700397710005800434901002200492902000600514905006300520910000900583942000900592942001200601999001900613952011900632Para_10292CHAP220125sFebr xx 000 0 und d a208983 cCHAP aPA CD - TESIS 322 aBecerra Morales, Itzel9126962 aUso de Micorrizas y composta para la reducción de enfermedades foliares del jitomate (Solanum lycopersicum Mill.) en Atlatlahucan, Morelos /c Itzel Becerra Morales; Director Santos Gerardo Leyva Mir aChapingo, Méx. :b el autor a1 CDS ROM (79 p.)1 aLeyva Mir, Santos Gerardo966581 aUACh. Departamento Parasitología Agrícola9164025 aPA CD - TESIS 322 aM a513220Febrero, 2014 abnm8100000000 06 aFebr cPARA cPARAd2 c208983d208983 00102local4051708TESISaPAbPAc10d2015-08-25fPARAl0pPA_010503r2022-01-25 00:00:00t1w2022-01-25yTDz3